Normal view
MARC view
Entry Personal Name
001 - CONTROL NUMBER
- control field: 7759
003 - CONTROL NUMBER IDENTIFIER
- control field: OSt
005 - DATE AND TIME OF LATEST TRANSACTION
- control field: 20211028144231.0
008 - FIXED-LENGTH DATA ELEMENTS
- fixed length control field: 211028|| aca||aabn | a|a d
040 ## - CATALOGING SOURCE
- Original cataloging agency: OSt
- Transcribing agency: OSt
100 ## - HEADING--PERSONAL NAME
- Personal name: Sali, Abu;Wright, Rowena.
- Miscellaneous information: 1616002
670 ## - SOURCE DATA FOUND
- Source citation: Work cat.: (OSt): Sali, Abu;Wright, Rowena. 1616002, Study on employee training and development at KVR cars Kasaragod., 2018